[Event "Villarobledo Online Qualifyer"]
[Site "playchess.com #155672"]
[Date "2009.05.23"]
[Round "8"]
[White "Àíòîíîâ"]
[Black "Iluminao"]
[Result "1-0"]
[WhiteElo "1879"]
[BlackElo "2357"]
[PlyCount "119"]
[EventDate "2009.05.23"]
[EventType "swiss (blitz)"]

1. c4 {[%emt 0:00:03]} c5 {[%emt 0:00:01]} 2. Nc3 {[%emt 0:00:02]} e6 {[%emt 0:
00:00]} 3. g3 {[%emt 0:00:01]} Nf6 {[%emt 0:00:01]} 4. Bg2 {[%emt 0:00:02]} Nc6
{[%emt 0:00:01]} 5. Nf3 {[%emt 0:00:01]} d5 {[%emt 0:00:01]} 6. cxd5 {[%emt 0:
00:01]} exd5 {[%emt 0:00:01]} 7. d4 {[%emt 0:00:01]} h6 {[%emt 0:00:01]} 8. O-O
{[%emt 0:00:02]} Be6 {[%emt 0:00:01]} 9. Bf4 {[%emt 0:00:22]} Be7 {[%emt 0:00:
01]} 10. h3 {[%emt 0:00:09]} O-O {[%emt 0:00:02]} 11. Rc1 {[%emt 0:00:02]} c4 {
[%emt 0:00:01]} 12. g4 {[%emt 0:00:03]} a6 {[%emt 0:00:02]} 13. Qd2 {[%emt 0:
00:28]} b5 {[%emt 0:00:11]} 14. Ne5 {[%emt 0:00:07]} Rc8 {[%emt 0:00:09]} 15.
Nxc6 {[%emt 0:00:05]} Rxc6 {[%emt 0:00:01]} 16. a3 {[%emt 0:00:39]} Qd7 {[%emt
0:00:22]} 17. Rcd1 {[%emt 0:00:05]} Rcc8 {[%emt 0:00:05]} 18. e4 {[%emt 0:00:
10]} Rfd8 {[%emt 0:00:05]} 19. e5 {[%emt 0:00:02]} Nh7 {[%emt 0:00:05]} 20. Bg3
{[%emt 0:00:09]} a5 {[%emt 0:00:01]} 21. f4 {[%emt 0:00:03]} b4 {[%emt 0:00:01]
} 22. axb4 {[%emt 0:00:05]} axb4 {[%emt 0:00:02]} 23. Ne2 {[%emt 0:00:01]} f5 {
[%emt 0:00:03]} 24. gxf5 {[%emt 0:00:33]} Bxf5 {[%emt 0:00:01]} 25. Kh2 {[%emt
0:00:01]} Nf8 {[%emt 0:00:10]} 26. Bf2 {[%emt 0:00:08]} Ne6 {[%emt 0:00:06]}
27. Ng3 {[%emt 0:00:02]} Rf8 {[%emt 0:00:04]} 28. Nxf5 {[%emt 0:00:09]} Rxf5 {
[%emt 0:00:01]} 29. Be3 {[%emt 0:00:01]} c3 {[%emt 0:00:08]} 30. bxc3 {[%emt 0:
00:02]} bxc3 {[%emt 0:00:01]} 31. Qe2 {[%emt 0:00:04]} Rcf8 {[%emt 0:00:12]}
32. Qf3 {[%emt 0:00:03]} Nc7 {[%emt 0:00:06]} 33. Rc1 {[%emt 0:00:04]} Bb4 {
[%emt 0:00:05]} 34. Rb1 {[%emt 0:00:02]} Ba5 {[%emt 0:00:04]} 35. Rb7 {[%emt 0:
00:04]} Qc6 {[%emt 0:00:04]} 36. Rxc7 {[%emt 0:00:01]} Qxc7 {[%emt 0:00:07]}
37. Qxd5+ {[%emt 0:00:01]} Kh8 {[%emt 0:00:01]} 38. Qe4 {[%emt 0:00:07]} R5f7 {
[%emt 0:00:15] '} 39. d5 {[%emt 0:00:01]} Re8 {[%emt 0:00:04]} 40. d6 {[%emt 0:
00:02]} Qd7 {[%emt 0:00:05]} 41. Qc6 {[%emt 0:00:05]} Qe6 {[%emt 0:00:04]} 42.
Bd5 {[%emt 0:00:03]} Qd7 {[%emt 0:00:31]} 43. Qxd7 {[%emt 0:00:02]} Rxd7 {
[%emt 0:00:01]} 44. Bc6 {[%emt 0:00:01]} Red8 {[%emt 0:00:03]} 45. Bxd7 {[%emt
0:00:01]} Rxd7 {[%emt 0:00:00]} 46. Bc5 {[%emt 0:00:02]} Kg8 {[%emt 0:00:05]}
47. e6 {[%emt 0:00:01]} Rd8 {[%emt 0:00:01]} 48. d7 {[%emt 0:00:01]} Ra8 {
[%emt 0:00:10]} 49. e7 {[%emt 0:00:01]} Kf7 {[%emt 0:00:00]} 50. e8=Q+ {[%emt
0:00:03]} Rxe8 {[%emt 0:00:01]} 51. dxe8=Q+ {[%emt 0:00:02]} Kxe8 {[%emt 0:00:
00]} 52. Rc1 {[%emt 0:00:02]} Kd7 {[%emt 0:00:01]} 53. Bd4 {[%emt 0:00:01]} Ke6
{[%emt 0:00:01]} 54. Bxg7 {[%emt 0:00:01]} Kf5 {[%emt 0:00:01]} 55. Bxc3 {
[%emt 0:00:01]} Bb6 {[%emt 0:00:02]} 56. Be5 {[%emt 0:00:03]} Be3 {[%emt 0:00:
04]} 57. Rc6 {[%emt 0:00:01]} h5 {[%emt 0:00:01]} 58. Kg3 {[%emt 0:00:02]} Bd2
{[%emt 0:00:03]} 59. Kf3 {[%emt 0:00:01]} h4 {[%emt 0:00:02]} 60. Rf6# {[%emt
0:00:02]} 1-0

[Event "Villarobledo Online Qualifyer"]
[Site "playchess.com #155672"]
[Date "2009.05.23"]
[Round "8"]
[White "Jebe"]
[Black "Schnickschnack"]
[Result "1-0"]
[WhiteElo "1962"]
[BlackElo "2092"]
[PlyCount "119"]
[EventDate "2009.05.23"]
[EventType "swiss (blitz)"]

1. d4 {[%emt 0:00:02]} Nf6 {[%emt 0:00:02]} 2. c4 {[%emt 0:00:01]} e5 {[%emt 0:
00:01]} 3. dxe5 {[%emt 0:00:01]} Ng4 {[%emt 0:00:03]} 4. e4 {[%emt 0:00:00]}
Nxe5 {[%emt 0:00:01]} 5. f4 {[%emt 0:00:01]} Bb4+ {[%emt 0:00:02]} 6. Bd2 {
[%emt 0:00:02]} Bxd2+ {[%emt 0:00:01]} 7. Qxd2 {[%emt 0:00:03]} Nec6 {[%emt 0:
00:02]} 8. Nc3 {[%emt 0:00:02]} Na6 {[%emt 0:00:02]} 9. Nf3 {[%emt 0:00:01]}
O-O {[%emt 0:00:04]} 10. a3 {[%emt 0:00:01]} d6 {[%emt 0:00:01]} 11. b4 {[%emt
0:00:02]} Ne7 {[%emt 0:00:05]} 12. Bd3 {[%emt 0:00:04]} Bg4 {[%emt 0:00:01]}
13. O-O {[%emt 0:00:01]} Ng6 {[%emt 0:00:12]} 14. Nd5 {[%emt 0:00:13]} c6 {
[%emt 0:00:06]} 15. Ne3 {[%emt 0:00:04]} Bxf3 {[%emt 0:00:04]} 16. Rxf3 {[%emt
0:00:02]} Qf6 {[%emt 0:00:06]} 17. Raf1 {[%emt 0:00:02]} Qd4 {[%emt 0:00:02]}
18. Kh1 {[%emt 0:00:25]} Rfe8 {[%emt 0:00:15]} 19. Nf5 {[%emt 0:00:02]} Qf6 {
[%emt 0:00:04]} 20. Rg3 {[%emt 0:00:23]} Nc7 {[%emt 0:00:08]} 21. e5 {[%emt 0:
00:03]} dxe5 {[%emt 0:00:24]} 22. fxe5 {[%emt 0:00:16]} Qxe5 {[%emt 0:00:04]}
23. Nd6 {[%emt 0:00:04]} Rf8 {[%emt 0:00:15]} 24. c5 {[%emt 0:00:06]} Ne6 {
[%emt 0:00:08]} 25. Re3 {[%emt 0:00:14]} Qg5 {[%emt 0:00:05]} 26. Bc4 {[%emt 0:
00:05]} Ne5 {[%emt 0:00:29]} 27. Bb3 {[%emt 0:00:26]} Ng4 {[%emt 0:00:14]} 28.
Re2 {[%emt 0:00:10]} Qxd2 {[%emt 0:00:16]} 29. Rxd2 {[%emt 0:00:00]} b6 {[%emt
0:00:04]} 30. Nxf7 {[%emt 0:00:03]} Rxf7 {[%emt 0:00:14]} 31. Bxe6 {[%emt 0:00:
02]} Nf6 {[%emt 0:00:01]} 32. Bxf7+ {[%emt 0:00:05]} Kxf7 {[%emt 0:00:01]} 33.
Rd7+ {[%emt 0:00:03]} Kg6 {[%emt 0:00:02]} 34. Rc7 {[%emt 0:00:01]} bxc5 {
[%emt 0:00:02]} 35. bxc5 {[%emt 0:00:02]} Rb8 {[%emt 0:00:02]} 36. Rxc6 {[%emt
0:00:01]} Rb3 {[%emt 0:00:01]} 37. Ra6 {[%emt 0:00:01]} Rc3 {[%emt 0:00:03]}
38. c6 {[%emt 0:00:03]} Kg5 {[%emt 0:00:02]} 39. Rxa7 {[%emt 0:00:03]} Rxc6 {
[%emt 0:00:05]} 40. Rxg7+ {[%emt 0:00:01]} Kh6 {[%emt 0:00:02]} 41. Rg3 {[%emt
0:00:02]} Ne4 {[%emt 0:00:04]} 42. Rg8 {[%emt 0:00:05]} Rc2 {[%emt 0:00:03]}
43. Kg1 {[%emt 0:00:02]} Ra2 {[%emt 0:00:02]} 44. Rg4 {[%emt 0:00:06]} Nd2 {
[%emt 0:00:13]} 45. Rd1 {[%emt 0:00:11]} Kh5 {[%emt 0:00:05]} 46. Rg3 {[%emt 0:
00:03]} Ne4 {[%emt 0:00:02]} 47. Re3 {[%emt 0:00:02]} Ng5 {[%emt 0:00:05]} 48.
Rg3 {[%emt 0:00:03]} h6 {[%emt 0:00:01]} 49. Rf1 {[%emt 0:00:11] .} Rb2 {[%emt
0:00:02]} 50. a4 {[%emt 0:00:02]} Ra2 {[%emt 0:00:01]} 51. h4 {[%emt 0:00:02]}
Ne4 {[%emt 0:00:02]} 52. Re3 {[%emt 0:00:02]} Nd6 {[%emt 0:00:02]} 53. Rf4 {
[%emt 0:00:02]} Ra1+ {[%emt 0:00:02]} 54. Kh2 {[%emt 0:00:01]} Ra2 {[%emt 0:00:
00]} 55. Re5+ {[%emt 0:00:02]} Kg6 {[%emt 0:00:01]} 56. Rd4 {[%emt 0:00:01]}
Nf7 {[%emt 0:00:01]} 57. Ra5 {[%emt 0:00:02]} Kg7 {[%emt 0:00:01]} 58. Ra7 {
[%emt 0:00:02]} Kf6 {[%emt 0:00:01]} 59. Rf4+ {[%emt 0:00:01]} Kg6 {[%emt 0:00:
00]} 60. Rfxf7 {[%emt 0:00:01] Schnickschnack gibt auf} 1-0

[Event "Villarobledo Online Qualifyer"]
[Site "playchess.com #155672"]
[Date "2009.05.23"]
[Round "8"]
[White "Musterlukas"]
[Black "Ferdi Sert"]
[Result "1-0"]
[WhiteElo "1695"]
[BlackElo "1869"]
[PlyCount "123"]
[EventDate "2009.05.23"]
[EventType "swiss (blitz)"]

1. d4 {[%emt 0:00:05]} Nf6 {[%emt 0:00:02]} 2. Nf3 {[%emt 0:00:02]} g6 {[%emt
0:00:01]} 3. c4 {[%emt 0:00:01]} Bg7 {[%emt 0:00:01]} 4. Nc3 {[%emt 0:00:01]}
O-O {[%emt 0:00:02]} 5. e4 {[%emt 0:00:01]} d6 {[%emt 0:00:01]} 6. Be2 {[%emt
0:00:01]} e5 {[%emt 0:00:01]} 7. O-O {[%emt 0:00:01]} Nc6 {[%emt 0:00:01]} 8.
d5 {[%emt 0:00:01]} Ne7 {[%emt 0:00:01]} 9. Ne1 {[%emt 0:00:01]} Nd7 {[%emt 0:
00:02]} 10. Nd3 {[%emt 0:00:01]} f5 {[%emt 0:00:01]} 11. Bg5 {[%emt 0:00:04]}
h6 {[%emt 0:00:02]} 12. Bxe7 {[%emt 0:00:02]} Qxe7 {[%emt 0:00:01]} 13. f3 {
[%emt 0:00:01]} a5 {[%emt 0:00:03]} 14. b4 {[%emt 0:00:03]} axb4 {[%emt 0:00:
01]} 15. Nxb4 {[%emt 0:00:01]} Nc5 {[%emt 0:00:01]} 16. Nd3 {[%emt 0:00:02]}
Nxd3 {[%emt 0:00:01]} 17. Bxd3 {[%emt 0:00:01]} Bd7 {[%emt 0:00:05]} 18. Qb3 {
[%emt 0:00:03]} b6 {[%emt 0:00:01]} 19. a4 {[%emt 0:00:03]} Rfb8 {[%emt 0:00:
07]} 20. Nb5 {[%emt 0:00:02]} Bxb5 {[%emt 0:00:05]} 21. cxb5 {[%emt 0:00:02]}
Ra7 {[%emt 0:00:04]} 22. Rfc1 {[%emt 0:00:04]} Rba8 {[%emt 0:00:02]} 23. Rc4 {
[%emt 0:00:02]} Bf6 {[%emt 0:00:04]} 24. exf5 {[%emt 0:00:03]} gxf5 {[%emt 0:
00:03]} 25. Bxf5 {[%emt 0:00:05]} Bg5 {[%emt 0:00:06]} 26. Re1 {[%emt 0:00:11]}
h5 {[%emt 0:00:04]} 27. Be6+ {[%emt 0:00:07]} Kh8 {[%emt 0:00:02]} 28. Qc2 {
[%emt 0:00:02]} Kg7 {[%emt 0:00:11]} 29. Qe4 {[%emt 0:00:11]} Rf8 {[%emt 0:00:
02]} 30. Re2 {[%emt 0:00:06]} Bf4 {[%emt 0:00:04]} 31. g3 {[%emt 0:00:08]} Bg5
{[%emt 0:00:07]} 32. Kg2 {[%emt 0:00:02]} Qf6 {[%emt 0:00:06]} 33. Rec2 {[%emt
0:00:07]} Qd8 {[%emt 0:00:29]} 34. h4 {[%emt 0:00:12]} Bf6 {[%emt 0:00:02]} 35.
Qf5 {[%emt 0:00:15]} Rh8 {[%emt 0:00:06]} 36. g4 {[%emt 0:00:30]} Bxh4 {[%emt
0:00:06]} 37. Qf7+ {[%emt 0:00:09]} Kh6 {[%emt 0:00:01]} 38. Qxh5+ {[%emt 0:00:
06]} Kg7 {[%emt 0:00:01]} 39. Qf7+ {[%emt 0:00:04]} Kh6 {[%emt 0:00:01]} 40.
Rc1 {[%emt 0:00:11]} Rf8 {[%emt 0:00:10]} 41. Qh5+ {[%emt 0:00:06]} Kg7 {[%emt
0:00:01]} 42. Rh1 {[%emt 0:00:07]} Qf6 {[%emt 0:00:09]} 43. Qf5 {[%emt 0:00:30]
} Rh8 {[%emt 0:00:14]} 44. Qxf6+ {[%emt 0:00:08]} Bxf6 {[%emt 0:00:05]} 45.
Rxh8 {[%emt 0:00:10]} Kxh8 {[%emt 0:00:01]} 46. Kg3 {[%emt 0:00:01]} Kg7 {
[%emt 0:00:03]} 47. f4 {[%emt 0:00:01]} exf4+ {[%emt 0:00:02]} 48. Kxf4 {[%emt
0:00:01]} Be5+ {[%emt 0:00:01]} 49. Kf5 {[%emt 0:00:01]} Bh2 {[%emt 0:00:05]}
50. g5 {[%emt 0:00:01]} Bg1 {[%emt 0:00:02]} 51. Bd7 {[%emt 0:00:03]} Bc5 {
[%emt 0:00:03]} 52. Re4 {[%emt 0:00:07]} Ra8 {[%emt 0:00:03]} 53. Re7+ {[%emt
0:00:02]} Kf8 {[%emt 0:00:03]} 54. Rh7 {[%emt 0:00:02]} Kg8 {[%emt 0:00:02]}
55. g6 {[%emt 0:00:02]} Rf8+ {[%emt 0:00:02]} 56. Kg5 {[%emt 0:00:08]} Be3+ {
[%emt 0:00:02]} 57. Kg4 {[%emt 0:00:01]} Rf4+ {[%emt 0:00:01]} 58. Kg3 {[%emt
0:00:01]} Rf6 {[%emt 0:00:06]} 59. Be6+ {[%emt 0:00:02]} Kf8 {[%emt 0:00:03]}
60. g7+ {[%emt 0:00:05]} Ke7 {[%emt 0:00:06]} 61. g8=Q+ {[%emt 0:00:04]} Rf7 {
[%emt 0:00:07]} 62. Rxf7# {[%emt 0:00:02]} 1-0

[Event "Villarobledo Online Qualifyer"]
[Site "playchess.com #155672"]
[Date "2009.05.23"]
[Round "8"]
[White "Unicorn"]
[Black "Ozmarabagi"]
[Result "1-0"]
[WhiteElo "2557"]
[BlackElo "1883"]
[PlyCount "109"]
[EventDate "2009.05.23"]
[EventType "swiss (blitz)"]

1. d4 {[%emt 0:00:01]} Nf6 {[%emt 0:00:07]} 2. c4 {[%emt 0:00:04]} e6 {[%emt 0:
00:04]} 3. Nc3 {[%emt 0:00:01]} d5 {[%emt 0:00:04]} 4. cxd5 {[%emt 0:00:03]}
Nxd5 {[%emt 0:00:03]} 5. e4 {[%emt 0:00:01]} Nxc3 {[%emt 0:00:04]} 6. bxc3 {
[%emt 0:00:00]} c5 {[%emt 0:00:03]} 7. Nf3 {[%emt 0:00:03]} cxd4 {[%emt 0:00:
05]} 8. cxd4 {[%emt 0:00:00]} Bb4+ {[%emt 0:00:05]} 9. Bd2 {[%emt 0:00:02]}
Bxd2+ {[%emt 0:00:04]} 10. Qxd2 {[%emt 0:00:00]} Nc6 {[%emt 0:00:05]} 11. Bb5 {
[%emt 0:00:02]} Qd6 {[%emt 0:00:06]} 12. O-O {[%emt 0:00:07]} O-O {[%emt 0:00:
05]} 13. Rfc1 {[%emt 0:00:08]} Bd7 {[%emt 0:00:06]} 14. Rab1 {[%emt 0:00:04]}
a6 {[%emt 0:00:07]} 15. Bf1 {[%emt 0:00:06]} b5 {[%emt 0:00:06]} 16. Qb2 {
[%emt 0:00:13]} f5 {[%emt 0:00:06]} 17. d5 {[%emt 0:00:17]} exd5 {[%emt 0:00:
06]} 18. exd5 {[%emt 0:00:01]} Ne7 {[%emt 0:00:05]} 19. Rd1 {[%emt 0:00:05]}
Nxd5 {[%emt 0:00:05]} 20. Qb3 {[%emt 0:00:24]} Bc6 {[%emt 0:00:07]} 21. Rbc1 {
[%emt 0:00:08]} Rad8 {[%emt 0:00:06]} 22. a4 {[%emt 0:00:19]} bxa4 {[%emt 0:00:
14]} 23. Qc2 {[%emt 0:00:02]} Bb5 {[%emt 0:00:05]} 24. Bc4 {[%emt 0:00:11]}
Bxc4 {[%emt 0:00:06]} 25. Qxc4 {[%emt 0:00:00]} Qb4 {[%emt 0:00:06]} 26. Qxa6 {
[%emt 0:00:19]} Nf4 {[%emt 0:00:06]} 27. Rxd8 {[%emt 0:00:26]} Rxd8 {[%emt 0:
00:05]} 28. g3 {[%emt 0:00:02]} Qb2 {[%emt 0:00:05]} 29. Qc4+ {[%emt 0:00:07]}
Nd5 {[%emt 0:00:05]} 30. Nd4 {[%emt 0:00:16]} f4 {[%emt 0:00:06]} 31. Nc6 {
[%emt 0:00:08]} Rd6 {[%emt 0:00:08]} 32. Ne7+ {[%emt 0:00:02]} Kf8 {[%emt 0:00:
07]} 33. Nxd5 {[%emt 0:00:05]} Qe5 {[%emt 0:00:06]} 34. Nxf4 {[%emt 0:00:02]}
Ke7 {[%emt 0:00:06]} 35. Qxa4 {[%emt 0:00:02]} Kf6 {[%emt 0:00:05]} 36. Qa1 {
[%emt 0:00:02]} Qxa1 {[%emt 0:00:05]} 37. Rxa1 {[%emt 0:00:00]} g5 {[%emt 0:00:
08]} 38. Ne2 {[%emt 0:00:03]} g4 {[%emt 0:00:10]} 39. Nf4 {[%emt 0:00:01]} Rc6
{[%emt 0:00:07]} 40. Kf1 {[%emt 0:00:01]} Kf5 {[%emt 0:00:04]} 41. Ra2 {[%emt
0:00:02]} h6 {[%emt 0:00:05]} 42. Ke2 {[%emt 0:00:02]} Ke4 {[%emt 0:00:04]} 43.
Ra4+ {[%emt 0:00:02]} Kf5 {[%emt 0:00:04]} 44. Ra5+ {[%emt 0:00:02]} Ke4 {
[%emt 0:00:04]} 45. Ra2 {[%emt 0:00:01]} Rc7 {[%emt 0:00:06]} 46. Ng2 {[%emt 0:
00:01]} h5 {[%emt 0:00:07]} 47. Ne3 {[%emt 0:00:04]} Ke5 {[%emt 0:00:03]} 48.
Ra5+ {[%emt 0:00:02]} Ke4 {[%emt 0:00:02]} 49. Rxh5 {[%emt 0:00:01]} Rg7 {
[%emt 0:00:03]} 50. Ra5 {[%emt 0:00:02]} Kd4 {[%emt 0:00:02]} 51. Ra4+ {[%emt
0:00:01]} Ke5 {[%emt 0:00:03]} 52. Rxg4 {[%emt 0:00:00]} Ra7 {[%emt 0:00:02]}
53. Rb4 {[%emt 0:00:02]} Ra2+ {[%emt 0:00:01]} 54. Kf3 {[%emt 0:00:00]} Rxf2+ {
[%emt 0:00:05]} 55. Kxf2 {[%emt 0:00:01] Ozmarabagi rinde} 1-0

[Event "Villarobledo Online Qualifyer"]
[Site "playchess.com #155672"]
[Date "2009.05.23"]
[Round "8"]
[White "Spirliadis"]
[Black "Peterdrost"]
[Result "0-1"]
[WhiteElo "1925"]
[BlackElo "2240"]
[PlyCount "130"]
[EventDate "2009.05.23"]
[EventType "swiss (blitz)"]

1. e4 {[%emt 0:00:01]} e5 {[%emt 0:00:01]} 2. d4 {[%emt 0:00:01]} exd4 {[%emt
0:00:06]} 3. c3 {[%emt 0:00:01]} dxc3 {[%emt 0:00:01]} 4. Bc4 {[%emt 0:00:01]}
Nc6 {[%emt 0:00:02]} 5. Nf3 {[%emt 0:00:01]} Bb4 {[%emt 0:00:36]} 6. O-O {
[%emt 0:00:12]} d6 {[%emt 0:00:01]} 7. Qb3 {[%emt 0:00:21]} Qe7 {[%emt 0:00:05]
} 8. Ng5 {[%emt 0:00:11]} Nh6 {[%emt 0:00:17]} 9. bxc3 {[%emt 0:00:14]} Bc5 {
[%emt 0:00:09]} 10. Na3 {[%emt 0:00:26]} Bb6 {[%emt 0:00:30]} 11. Nb5 {[%emt 0:
00:25]} Na5 {[%emt 0:00:04]} 12. Qa4 {[%emt 0:00:09]} Bd7 {[%emt 0:00:02]} 13.
e5 {[%emt 0:00:36]} a6 {[%emt 0:00:30]} 14. exd6 {[%emt 0:00:01]} axb5 {[%emt
0:00:01]} 15. dxe7 {[%emt 0:00:12]} bxa4 {[%emt 0:00:02]} 16. Bd5 {[%emt 0:00:
26]} Kxe7 {[%emt 0:00:03]} 17. Re1+ {[%emt 0:00:01]} Kd8 {[%emt 0:00:03]} 18.
Ba3 {[%emt 0:00:02]} Nc6 {[%emt 0:00:09]} 19. Bxf7 {[%emt 0:00:09]} Ra5 {[%emt
0:00:02]} 20. Rad1 {[%emt 0:00:06]} Rxg5 {[%emt 0:00:02]} 21. Be6 {[%emt 0:00:
00]} Kc8 {[%emt 0:00:05]} 22. Bxd7+ {[%emt 0:00:01]} Kb8 {[%emt 0:00:01]} 23.
Bxc6 {[%emt 0:00:01]} bxc6 {[%emt 0:00:01]} 24. c4 {[%emt 0:00:00]} Ng4 {[%emt
0:00:05]} 25. Rb1 {[%emt 0:00:00]} Ka7 {[%emt 0:00:02]} 26. c5 {[%emt 0:00:01]}
Bxc5 {[%emt 0:00:01]} 27. Rec1 {[%emt 0:00:02]} Bxa3 {[%emt 0:00:03]} 28. Rxc6
{[%emt 0:00:00]} Bd6 {[%emt 0:00:08]} 29. Rc4 {[%emt 0:00:01]} Ra5 {[%emt 0:00:
01]} 30. Rxg4 {[%emt 0:00:01]} g6 {[%emt 0:00:01]} 31. Re4 {[%emt 0:00:01]} Rb8
{[%emt 0:00:04]} 32. Rd1 {[%emt 0:00:02]} Re5 {[%emt 0:00:06]} 33. Rxa4+ {
[%emt 0:00:01]} Kb7 {[%emt 0:00:02]} 34. Rh4 {[%emt 0:00:02]} h5 {[%emt 0:00:
02]} 35. g4 {[%emt 0:00:02]} hxg4 {[%emt 0:00:05]} 36. Rxg4 {[%emt 0:00:01]} g5
{[%emt 0:00:01]} 37. h4 {[%emt 0:00:04]} gxh4 {[%emt 0:00:01]} 38. Rxh4 {[%emt
0:00:02]} Rg8+ {[%emt 0:00:01]} 39. Kf1 {[%emt 0:00:02]} Rf8 {[%emt 0:00:01]}
40. a4 {[%emt 0:00:06]} Ref5 {[%emt 0:00:03]} 41. Rd2 {[%emt 0:00:01]} Bc5 {
[%emt 0:00:02]} 42. Rh2 {[%emt 0:00:03]} Bb6 {[%emt 0:00:01]} 43. Rb2 {[%emt 0:
00:02]} Ka6 {[%emt 0:00:02]} 44. Ra2 {[%emt 0:00:01]} Ka5 {[%emt 0:00:01]} 45.
Ke2 {[%emt 0:00:01]} Rxf2+ {[%emt 0:00:02]} 46. Kd3 {[%emt 0:00:02]} Rxh2 {
[%emt 0:00:03]} 47. Rxh2 {[%emt 0:00:00]} Kxa4 {[%emt 0:00:01]} 48. Kc4 {[%emt
0:00:01]} Rf4+ {[%emt 0:00:03]} 49. Kd5 {[%emt 0:00:01]} Kb5 {[%emt 0:00:05]}
50. Rb2+ {[%emt 0:00:02]} Rb4 {[%emt 0:00:00]} 51. Rc2 {[%emt 0:00:02]} Rd4+ {
[%emt 0:00:01]} 52. Ke5 {[%emt 0:00:03]} Rd1 {[%emt 0:00:02]} 53. Ke4 {[%emt 0:
00:04]} c5 {[%emt 0:00:01]} 54. Ke3 {[%emt 0:00:02]} c4+ {[%emt 0:00:01]} 55.
Ke2 {[%emt 0:00:01]} Rd8 {[%emt 0:00:03]} 56. Rb2+ {[%emt 0:00:00]} Kc5 {[%emt
0:00:01]} 57. Rc2 {[%emt 0:00:01]} Ba5 {[%emt 0:00:01]} 58. Ra2 {[%emt 0:00:02]
} Bb4 {[%emt 0:00:01]} 59. Ra1 {[%emt 0:00:03]} c3 {[%emt 0:00:02]} 60. Rb1 {
[%emt 0:00:02]} Kc4 {[%emt 0:00:01]} 61. Ke3 {[%emt 0:00:06]} c2 {[%emt 0:00:
01]} 62. Rc1 {[%emt 0:00:01]} Kc3 {[%emt 0:00:01]} 63. Ke2 {[%emt 0:00:01]} Ba3
{[%emt 0:00:02]} 64. Ra1 {[%emt 0:00:01]} c1=Q {[%emt 0:00:05]} 65. Rxa3+ {
[%emt 0:00:03]} Qxa3 {[%emt 0:00:01] Spirliadis resigns} 0-1

[Event "Villarobledo Online Qualifyer"]
[Site "playchess.com #155672"]
[Date "2009.05.23"]
[Round "8"]
[White "Chofis"]
[Black "acepoint"]
[Result "1/2-1/2"]
[WhiteElo "1601"]
[BlackElo "1873"]
[PlyCount "147"]
[EventDate "2009.05.23"]
[EventType "swiss (blitz)"]

1. e4 {[%emt 0:00:03]} c5 {[%emt 0:00:01]} 2. Nf3 {[%emt 0:00:02]} d6 {[%emt 0:
00:01]} 3. d4 {[%emt 0:00:02]} cxd4 {[%emt 0:00:00]} 4. Nxd4 {[%emt 0:00:01]}
Nf6 {[%emt 0:00:00]} 5. Nc3 {[%emt 0:00:01]} a6 {[%emt 0:00:00]} 6. Bg5 {[%emt
0:00:01]} e6 {[%emt 0:00:01]} 7. f4 {[%emt 0:00:01]} Qb6 {[%emt 0:00:01]} 8.
Qd2 {[%emt 0:00:04]} Qxb2 {[%emt 0:00:02]} 9. Rb1 {[%emt 0:00:01]} Qa3 {[%emt
0:00:01]} 10. f5 {[%emt 0:00:12]} Nc6 {[%emt 0:00:03]} 11. Nxc6 {[%emt 0:00:16]
} bxc6 {[%emt 0:00:02]} 12. Bxf6 {[%emt 0:00:04]} gxf6 {[%emt 0:00:04]} 13. Bd3
{[%emt 0:00:13]} Qc5 {[%emt 0:00:15]} 14. Na4 {[%emt 0:00:03]} Qe5 {[%emt 0:00:
04]} 15. O-O {[%emt 0:00:06]} d5 {[%emt 0:00:17]} 16. exd5 {[%emt 0:00:17]}
cxd5 {[%emt 0:00:03]} 17. Kh1 {[%emt 0:00:12]} Bd6 {[%emt 0:00:06]} 18. g3 {
[%emt 0:00:06]} O-O {[%emt 0:00:08]} 19. Rfe1 {[%emt 0:00:24]} Qd4 {[%emt 0:00:
11]} 20. Nb6 {[%emt 0:00:08]} Ra7 {[%emt 0:00:10]} 21. fxe6 {[%emt 0:00:04]}
Bc5 {[%emt 0:00:22]} 22. exf7+ {[%emt 0:00:08]} Raxf7 {[%emt 0:00:07]} 23. Nxc8
{[%emt 0:00:02]} Rxc8 {[%emt 0:00:02]} 24. c3 {[%emt 0:00:15]} Qf2 {[%emt 0:00:
08]} 25. Qxf2 {[%emt 0:00:06]} Bxf2 {[%emt 0:00:01]} 26. Re2 {[%emt 0:00:01]}
Ba7 {[%emt 0:00:06]} 27. Rc2 {[%emt 0:00:02]} Rc6 {[%emt 0:00:08]} 28. Rb4 {
[%emt 0:00:05]} d4 {[%emt 0:00:15]} 29. c4 {[%emt 0:00:04]} Bc5 {[%emt 0:00:05]
} 30. Rb1 {[%emt 0:00:03]} Re7 {[%emt 0:00:04]} 31. Kg2 {[%emt 0:00:04]} Re3 {
[%emt 0:00:01]} 32. Rd1 {[%emt 0:00:03]} Kg7 {[%emt 0:00:12]} 33. Re2 {[%emt 0:
00:01]} Rxe2+ {[%emt 0:00:03]} 34. Bxe2 {[%emt 0:00:01]} Rb6 {[%emt 0:00:01]}
35. Rd2 {[%emt 0:00:02]} a5 {[%emt 0:00:08]} 36. Kf3 {[%emt 0:00:02]} Re6 {
[%emt 0:00:05]} 37. Bd3 {[%emt 0:00:02]} Re3+ {[%emt 0:00:02]} 38. Kf2 {[%emt
0:00:02]} a4 {[%emt 0:00:02]} 39. Rd1 {[%emt 0:00:13]} a3 {[%emt 0:00:04]} 40.
Rd2 {[%emt 0:00:02]} Re6 {[%emt 0:00:05]} 41. Re2 {[%emt 0:00:01]} Rb6 {[%emt
0:00:04]} 42. Kf3 {[%emt 0:00:03]} h6 {[%emt 0:00:04]} 43. g4 {[%emt 0:00:02]}
Kf7 {[%emt 0:00:02]} 44. h4 {[%emt 0:00:01]} Rb2 {[%emt 0:00:04]} 45. Ke4 {
[%emt 0:00:01]} Rxe2+ {[%emt 0:00:02]} 46. Bxe2 {[%emt 0:00:01]} Ke6 {[%emt 0:
00:01]} 47. Bd3 {[%emt 0:00:03]} Kd6 {[%emt 0:00:04]} 48. h5 {[%emt 0:00:01]}
Ke6 {[%emt 0:00:02]} 49. Be2 {[%emt 0:00:01]} Kd6 {[%emt 0:00:03]} 50. Bf3 {
[%emt 0:00:01]} Ke6 {[%emt 0:00:01]} 51. Bg2 {[%emt 0:00:03]} Kd6 {[%emt 0:00:
01]} 52. Bh3 {[%emt 0:00:01]} Kc6 {[%emt 0:00:02]} 53. Kf5 {[%emt 0:00:04]} d3
{[%emt 0:00:04]} 54. Bg2+ {[%emt 0:00:01]} Kd6 {[%emt 0:00:03]} 55. Kxf6 {
[%emt 0:00:01]} Be3 {[%emt 0:00:04]} 56. Bf3 {[%emt 0:00:02]} Kc5 {[%emt 0:00:
01]} 57. Ke5 {[%emt 0:00:03]} Kxc4 {[%emt 0:00:01]} 58. Ke4 {[%emt 0:00:01]}
Bg5 {[%emt 0:00:03]} 59. Bd1 {[%emt 0:00:01]} Kc3 {[%emt 0:00:01]} 60. Bb3 {
[%emt 0:00:01]} d2 {[%emt 0:00:03]} 61. Kf3 {[%emt 0:00:02]} Kb2 {[%emt 0:00:
02]} 62. Ke2 {[%emt 0:00:02]} Kc1 {[%emt 0:00:03]} 63. Bd1 {[%emt 0:00:01]} Bf4
{[%emt 0:00:02]} 64. Bb3 {[%emt 0:00:01]} Kb2 {[%emt 0:00:02]} 65. Kd1 {[%emt
0:00:02]} Bg5 {[%emt 0:00:03]} 66. Bd5 {[%emt 0:00:01]} Kc3 {[%emt 0:00:01]}
67. Bb3 {[%emt 0:00:01]} Kd4 {[%emt 0:00:01]} 68. Be6 {[%emt 0:00:01]} Ke5 {
[%emt 0:00:01]} 69. Bf5 {[%emt 0:00:02]} Kf4 {[%emt 0:00:01]} 70. Be6 {[%emt 0:
00:01]} Ke3 {[%emt 0:00:00]} 71. Bf5 {[%emt 0:00:01]} Kd4 {[%emt 0:00:01]} 72.
Be6 {[%emt 0:00:01]} Kc3 {[%emt 0:00:01]} 73. Bb3 {[%emt 0:00:01]} Kd4 {[%emt
0:00:00]} 74. Be6 {[%emt 0:00:01]} 1/2-1/2